header

The revolutionary writings of Alexander Hamilton (Record no. 55712)

MARC details
000 -LEADER
fixed length control field 01622nam a2200385Ia 4500
082 04 - DEWEY DECIMAL CLASSIFICATION NUMBER
Classification number 973.4092
100 1# - MAIN ENTRY--AUTHOR NAME
Personal name Hamilton, Alexander,
245 14 - TITLE STATEMENT
Title The revolutionary writings of Alexander Hamilton
260 ## - PUBLICATION, DISTRIBUTION, ETC. (IMPRINT)
Place of publication Indianapolis, Ind. :
Name of publisher Liberty Fund,
Year of publication c2008.
300 ## - PHYSICAL DESCRIPTION
Number of Pages xxiv, 206 p.
650 #0 - SUBJECT ADDED ENTRY--TOPICAL TERM
Topical Term Political science
700 1# - ADDED ENTRY--PERSONAL NAME
Personal name Vernier, Richard B.
856 40 - ELECTRONIC LOCATION AND ACCESS
Uniform Resource Identifier http://site.ebrary.com/lib/rucke/Doc?id=10623043

No items available.

© 2026 Rongo University
Contact us: librarian | system librarian | Rongo university